| 000 | 00354nam a2200133Ia 4500 | ||
|---|---|---|---|
| 008 | 240624s9999 xx 000 0 und d | ||
| 041 | _aeng | ||
| 082 | _a658.3124 WAD | ||
| 100 | _aWADE PAMELA A | ||
| 245 | _aMEASURING THE IMPACT OF TRAINING | ||
| 260 |
_c1998 _aNew Delhi _bWheeler Publishing |
||
| 300 | _avii, : 105 : p. : cm. ; 23 | ||
| 365 |
_cRS _b30 |
||
| 999 |
_c13707 _d13707 |
||